Компетенция в профессиональном общении на иностранном языке: к вопросу об описании; Ч. 1

Détails bibliographiques
Parent link:Ч. 1.— 2008.— С. 69-74
Auteur principal: Парнюгин А. С. Александр Сергеевич
Langue:russe
Publié: 2008
Sujets:
Format: Chapitre de livre
KOHA link:https://koha.lib.tpu.ru/cgi-bin/koha/opac-detail.pl?biblionumber=164231

MARC

LEADER 00000naa2a2200000 4500
001 164231
005 20240117124506.0
035 |a (RuTPU)RU\TPU\book\178184 
090 |a 164231 
100 |a 20090902d2008 k y0rusy50 ca 
101 0 |a rus 
102 |a RU 
200 1 |a Компетенция в профессиональном общении на иностранном языке: к вопросу об описании  |f А. С. Парнюгин 
320 |a Библиогр.: 6 назв. 
463 0 |0 (RuTPU)RU\TPU\book\165018  |t Ч. 1  |v С. 69-74  |d 2008  |p 282 с. 
610 1 |a профессиональное общение 
610 1 |a компетенция 
610 1 |a иностранные языки 
610 1 |a языковая подготовка 
610 1 |a труды учёных ТПУ 
700 1 |a Парнюгин  |b А. С.  |c лингвист  |c доцент Межфакультетской кафедры профессионального иностранного языка Томского политехнического университета  |g Александр Сергеевич  |3 (RuTPU)RU\TPU\pers\24566  |9 10866 
801 1 |a RU  |b 63413507  |c 20090902 
942 |c BK